A guide to asking questions

Bibliographic Details
Main Author: Mackay, lan
Format: Book
Language:English
Published: London : British association for commercial and industrial education , 1980
Subjects:

MARC

LEADER 00000cam a2200000 7i4500
001 0000024926
005 20130828.0
008 210813 my a eng
020 |a 851710751 
040 |a INS 
090 0 0 |a PN83   |b M33 1980 
100 1 |a Mackay, lan 
245 1 2 |a A guide to asking questions   |c Ian Mackay 
260 |a London :   |b British association for commercial and industrial education ,   |c 1980 
300 |a 36ms ;   |c 19cm. 
650 0 |a Critical thinking 
650 0 |a Criticism 
999 |a 1000001259   |b BOOK   |c Open Shelf   |e Default branch